| 000 | 00000nam 2200000zi 4500 |
| 001 | 9.925579 |
| 003 | CaOODSP |
| 005 | 20240611140330 |
| 006 | m o d f |
| 007 | cr mn||||||||| |
| 008 | 230726s2023 onc o f000 0 fre d |
| 020 | |a9780660496795 |
| 040 | |aCaOODSP|bfre|erda|cCaOODSP |
| 043 | |an-cn-sn |
| 086 | 1 |aPS82-1/23-11F-PDF |
| 100 | 1 |aHanby, Laura, |d1984- |eauteur. |
| 245 | 10|aPavillon de ressourcement Okimaw Ohci : |bexpérience des résidentes, des Aînées et du personnel / |cpréparé par Laura Hanby et Dena Derkzen. |
| 264 | 1|a[Ottawa] : |bService correctionnel Canada = Correctional Service Canada, |c2023. |
| 300 | |a1 ressource en ligne (1 page). |
| 336 | |atexte|btxt|2rdacontent/fre |
| 337 | |ainformatique|bc|2rdamedia/fre |
| 338 | |aressource en ligne|bcr|2rdacarrier/fre |
| 490 | 1 |aRésultats de recherche émergents ; |vERR-23-11 |
| 500 | |aPublié aussi en anglais sous le titre : Okimaw Ohci Healing Lodge : resident, Elder, and staff experiences. |
| 520 | |a« Le Pavillon de ressourcement Okimaw Ohci (PROO), seul pavillon de ressourcement pour femmes géré par le Service correctionnel du Canada (SCC), a ouvert ses portes en 1995. Situé sur le territoire de la Première Nation de Nekaneet, en Saskatchewan, le PROO offre une expérience unique par rapport à d'autres pavillons de ressourcement urbains pour femmes gérés par des organisations autochtones. Cette étude qualitative vise à mieux comprendre les retombées collectives des pavillons de ressourcement pour femmes sur les délinquantes autochtones, ainsi que les problèmes actuels liés à l'exploitation de ces installations. La présente étude est le fruit d'une collaboration avec la Direction des initiatives pour les Autochtones. Elle vise à permettre une compréhension plus globale du PROO grâce aux expériences et aux points de vue des résidentes, des Aînées et du personnel. » |
| 650 | 6|aCriminelles autochtones|xServices|zSaskatchewan. |
| 650 | 6|aPrisonniers autochtones|xServices|zSaskatchewan. |
| 650 | 6|aPrisonnières|xServices|zSaskatchewan. |
| 650 | 6|aÉtablissements de correction|zSaskatchewan. |
| 710 | 2 |aService correctionnel Canada, |eorganisme de publication. |
| 775 | 08|tOkimaw Ohci Healing Lodge : |w(CaOODSP)9.925578 |
| 830 | #0|aRésultats de recherche émergents (Service correctionnel Canada)|vERR-23-11.|w(CaOODSP)9.503038 |
| 856 | 40|qPDF|s197 Ko|uhttps://publications.gc.ca/collections/collection_2023/scc-csc/PS82-1-23-11-fra.pdf |